Working with children in Sunday school. (Record no. 9090)

000 -LEADER
fixed length control field 00608nam a2200193 a 4500
001 - CONTROL NUMBER
control field :::00006871$&:&@@
003 - CONTROL NUMBER IDENTIFIER
control field OkBaRHE
005 - DATE AND TIME OF LATEST TRANSACTION
control field 20000607103333.0
008 - FIXED-LENGTH DATA ELEMENTS--GENERAL INFORMATION
fixed length control field s1974 j 000 0 eng u
040 ## - CATALOGING SOURCE
Transcribing agency
100 1# - MAIN ENTRY--PERSONAL NAME
Personal name Fulbright, Robert.
245 10 - TITLE STATEMENT
Title Working with children in Sunday school.
260 ## - PUBLICATION, DISTRIBUTION, ETC. (IMPRINT)
Place of publication, distribution, etc Nashville, TN., :
Name of publisher, distributor, etc Convention Press
Date of publication, distribution, etc c1974
300 ## - PHYSICAL DESCRIPTION
Extent 160 p. ;
Dimensions 20 cm.
650 ## - SUBJECT ADDED ENTRY--TOPICAL TERM
Topical term or geographic name as entry element Church Work with Children
700 ## - ADDED ENTRY--PERSONAL NAME
Personal name Chamberlain, Eugene, Joint author.
942 ## - ADDED ENTRY ELEMENTS (KOHA)
Source of classification or shelving scheme
Koha item type Books
Copies
Damaged status Permanent Location Lost status Source of classification or shelving scheme Copy number Withdrawn status Shelving location Barcode Full call number Date acquired Not for loan Date last seen Koha item type Price effective from
 RHEMA Bible Training College  1 General Stacks6871BV 639 .C4F82010-04-14 2010-04-14Books2010-04-14